| 000 | 00531nam a22001817a 4500 | ||
|---|---|---|---|
| 008 | 151201b xxu||||| |||| 00| 0 eng d | ||
| 020 | _a9781446267400 | ||
| 082 |
_22014 _aDC 371.102 _bSe4r |
||
| 100 |
_9800 _aSellars, Maura |
||
| 245 |
_aReflective practice for teachers/ _cMaura Sellars |
||
| 250 | _aFirst Edition | ||
| 260 |
_aLos Angeles: _bSage Publications Ltd, _cc2014 |
||
| 300 |
_axii, 276 pages; _c24cm |
||
| 500 | _aIncludes reference | ||
| 650 | 0 |
_92834 _aReflective teaching. |
|
| 365 |
_b2448 _cPhp |
||
| 942 |
_2ddc _cDC |
||
| 999 |
_c340 _d340 |
||